Aviation Legislation in South Africa / (Record no. 825)

MARC details
000 -LEADER
fixed length control field 00502nam a22001697a 4500
005 - DATE AND TIME OF INPUT
control field 20231121074337.0
008 - DATA ELEMENTS--GENERAL INFORMATION
fixed length control field 231121b |||||||| |||| 00| 0 eng d
020 ## - INTERNATIONAL STANDARD BOOK NUMBER
International Standard Book Number 9780409012071
041 ## - LANGUAGE CODE
Language code of text English
082 ## - SHELF NUMBER
DDC number 343 AVI
100 ## - MAIN AUTHOR
Language of a work English
245 ## - TITLE STATEMENT
Title Aviation Legislation in South Africa /
Statement of responsibility, etc. edited by ZA Beek
260 ## - PUBLICATION, DISTRIBUTION, ETC.
Place of publication, distribution, etc. Durban :
Name of publisher, distributor, etc. LexisNexis (Pty) Ltd,
Date of publication, distribution, etc. 1998
300 ## - PHYSICAL DESCRIPTION
Other physical details xii, 187 pages ;
Dimensions 26 cm.
650 ## - SUBJECT`
Broad subject Legal practice
Own subject terms Law
942 ## - ADDED ENTRY ELEMENTS (KOHA)
Item type Books
942 ## - ADDED ENTRY ELEMENTS (KOHA)
-- ALISON_BN_VRIES
Holdings
Source of classification or shelving scheme Volume number (bound volume or other part) Not for loan Collection code Home library Current library Shelving location Date acquired Full call number Barcode Price effective from Koha item type
Dewey Decimal Classification Volume 2   TEXT BOOKS LAW SOCIETY OF NAMIBIA LIBRARY - WINDHOEK LAW SOCIETY OF NAMIBIA LIBRARY - WINDHOEK Aviation 11/21/2023 343 AVI LSN/1998/52 11/21/2023 Books
Dewey Decimal Classification Volume 2 CAR 2011   TEXT BOOKS LAW SOCIETY OF NAMIBIA LIBRARY - WINDHOEK LAW SOCIETY OF NAMIBIA LIBRARY - WINDHOEK Aviation 11/21/2023 343 AVI LSN/2022/69 11/21/2023 Books
Dewey Decimal Classification Volume 2A   TEXT BOOKS LAW SOCIETY OF NAMIBIA LIBRARY - WINDHOEK LAW SOCIETY OF NAMIBIA LIBRARY - WINDHOEK Aviation 11/21/2023 343 AVI LSN/2022/67 11/21/2023 Books
Dewey Decimal Classification Volume 3   TEXT BOOKS LAW SOCIETY OF NAMIBIA LIBRARY - WINDHOEK LAW SOCIETY OF NAMIBIA LIBRARY - WINDHOEK Aviation 11/21/2023 343 AVI LSN/1998/53 11/21/2023 Books
Dewey Decimal Classification Volume 3A   TEXT BOOKS LAW SOCIETY OF NAMIBIA LIBRARY - WINDHOEK LAW SOCIETY OF NAMIBIA LIBRARY - WINDHOEK Aviation 11/21/2023 343 AVI LSN/2011/51 11/21/2023 Books
Dewey Decimal Classification Volume 3B   TEXT BOOKS LAW SOCIETY OF NAMIBIA LIBRARY - WINDHOEK LAW SOCIETY OF NAMIBIA LIBRARY - WINDHOEK Aviation 11/21/2023 343 AVI LSN/2022/68 11/21/2023 Books
Dewey Decimal Classification Volume 4A   TEXT BOOKS LAW SOCIETY OF NAMIBIA LIBRARY - WINDHOEK LAW SOCIETY OF NAMIBIA LIBRARY - WINDHOEK Aviation 11/21/2023 343 AVI LSN/2011/52 11/21/2023 Books
Dewey Decimal Classification     TEXT BOOKS LAW SOCIETY OF NAMIBIA LIBRARY - WINDHOEK LAW SOCIETY OF NAMIBIA LIBRARY - WINDHOEK Aviation 11/21/2023 343 AVI LSN/1993/66 11/21/2023 Books
Dewey Decimal Classification     TEXT BOOKS LAW SOCIETY OF NAMIBIA LIBRARY - WINDHOEK LAW SOCIETY OF NAMIBIA LIBRARY - WINDHOEK Aviation 11/30/2023 343 AVI LSN/2008/11 11/30/2023 Books